000 00425nam a2200145Ia 4500
008 231129s1980||||xx |||||||||||||| ||spa||
020 _a84-7368-022-7 (v.1).
040 _bspa
082 _aR 909.09 T192p
100 _aTarradell Miquel
245 0 _aLa prehistoria : nacimiento y primeras fases de la civilizacion
260 _c1980
264 _aDifusora Internacional
942 _2ddc
_cBKS
999 _c17979
_d17979